000 00996nam a22002537a 4500
999 _c12837
_d12837
003 MIRAKIL
005 20190301112716.0
008 190301b tu ||||| |||| 00| 0 tur d
020 _a9786052954157
040 _aTR-AnCHP
_cTR-AnCHP
041 _atur
082 _a923.25693
_bB69b 2018
100 _aBozkurt, İsmail
245 1 0 _aBeştulum'dan Zirköy'e:
_bbir Kıbrıs çocukluğu ve ilkgençliği 1940-1963/
_cİsmail Bozkurt.
246 _abir Kıbrıs çocukluğu ve ilkgençliği 1940-1963
260 _aİstanbul:
_bTürkiye İş Bankası Kültür yayınları,
_c2018.
300 _axı, 484 s.:
_bfotğ.,
_c19 sm.
490 0 _aTürkiye İş Bankası Kültür yayınları,
_vGenel yayın:4157
504 _aKaynakça ve dizin vardır.
600 0 _95295
_aBozkurt, İsmail
_d1940-
_xyaşamöyküsü
650 0 _95074
_aDevlet adamları
_xKuzey Kıbrıs Türk Cumhuriyeti (KKTC)
_xyaşamöyküsü
740 _abir Kıbrıs çocukluğu ve ilkgençliği 1940-1963
942 _2ddc
_cBKS